| 000 | 00536cam a2200205ua 4500 | ||
|---|---|---|---|
| 020 | _c250.00 | ||
| 041 |
_aeng _h |
||
| 082 |
_a621 _bBAB/MA |
||
| 100 | _aBabcock, Daniel L . | ||
| 245 |
_aManaging engineering and technology / _cDaniel L Babcock. _hTextual Documents |
||
| 250 |
_a3 / _b. |
||
| 260 |
_aNew Delhi : _bPrentice Hall of India Pvt Ltd. , _c2006. |
||
| 300 |
_a490 ; _eCD. |
||
| 365 | _a250.00 | ||
| 504 | _a | ||
| 700 | 1 | _aMorse, Lucy C . | |
| 942 | _cBK | ||
| 999 |
_c13283 _d13283 |
||